[Event "SVK-ch Open 2018"]
[Site "Banska Stiavnica"]
[Date "2018.07.09"]
[Round "3"]
[White "Seres, Bela"]
[Black "Ferkova, Dominika"]
[Result "0-1"]
[WhiteElo "2212"]
[BlackElo "2053"]
[Annotator "NA"]
[PlyCount "116"]
[EventDate "2018.07.07"]
[EventType "swiss"]
[EventCountry "SVK"]
[SourceTitle "playchess.com"]
[Source "ChessBase"]
[SourceQuality "1"]
[TimeControl "40/5400+30:1800+30"]

1. e4 {[%emt 0:00:00]} c6 {[%emt 0:00:00]} 2. d3 {[%emt 0:00:00]} d5 {[%emt 0:01:09]} 3. Nd2 {[%emt 0:00:29]} e5 {[%emt 0:09:24]} 4. Ngf3 {[%emt 0:00:36]} Bd6 {[%emt 0:00:35]} 5. Be2 {[%emt 0:00:21]} Nf6 {[%emt 0:00:19]} 6. O-O {[%emt 0:01:03]} O-O {[%emt 0:00:38]} 7. Re1 {[%emt 0:02:02]} Re8 {[%emt 0:06:18]} 8. c3 {[%emt 0:04:11]} Bg4 {[%emt 0:01:44]} 9. h3 {[%emt 0:00:25]} Bh5 {[%emt 0:00:04]} 10. Nh2 {[%emt 0:05:30]} Bg6 {[%emt 0:02:02]} 11. Bf3 {[%emt 0:03:11]} Nbd7 {[%emt 0:04:31]} 12. Nhf1 {[%emt 0:04:09]} Nc5 {[%emt 0:06:40]} 13. Qe2 {[%emt 0:01:48]} dxe4 {[%emt 0:01:37]} 14. dxe4 {[%emt 0:00:55]} Bc7 {[%emt 0:01:00]} 15. Ng3 $11 {[%emt 0:09:37]} Nd3 {[%emt 0:10:32]} 16. Rd1 {[%emt 0:00:12]} Nf4 {[%emt 0:02:07]} 17. Qe1 {[%emt 0:01:32]} Qe7 {[%emt 0:04:04]} 18. Nc4 {[%emt 0:07:56]} Rad8 {[%emt 0:11:06]} 19. Ne3 {[%emt 0:07:49]} Rxd1 {[%emt 0:06:10]} 20. Qxd1 {[%emt 0:00:19]} Rd8 {[%emt 0:00:08]} 21. Qf1 {[%emt 0:00:41]} Nd3 {[%emt 0:07:20]} 22. Nef5 {[%emt 0:03:05]} Qe6 {[%emt 0:03:26]} 23. Qe2 {[%emt 0:02:24]} Nxc1 {[%emt 0:07:35]} 24. Rxc1 {[%emt 0:00:01]} Qxa2 {[%emt 0:00:09]} 25. h4 {[%emt 0:00:02]} Bxf5 {[%emt 0:03:58]} 26. Nxf5 {[%emt 0:00:08]} g6 {[%emt 0:01:38]} 27. Qe3 {[%emt 0:06:29]} Qxb2 {[%emt 0:04:44]} 28. Qg5 {[%emt 0:02:37]} Qd2 {[%emt 0:01:02]} 29. Rb1 {[%emt 0:06:22]} Qxg5 {[%emt 0:01:43]} 30. hxg5 {[%emt 0:00:02]} gxf5 {[%emt 0:01:37]} 31. Rxb7 {[%emt 0:00:34]} Ne8 {[%emt 0:00:33]} 32. exf5 {[%emt 0:00:35]} Bb6 {[%emt 0:00:34]} 33. Bxc6 {[%emt 0:00:31]} Nc7 {[%emt 0:01:01]} 34. c4 {[%emt 0:01:57]} Na6 {[%emt 0:00:30]} 35. Bd5 {[%emt 0:00:12]} Rf8 {[%emt 0:00:25]} 36. g6 {[%emt 0:00:17]} hxg6 {[%emt 0:00:19]} 37. fxg6 {[%emt 0:00:01]} Kg7 {[%emt 0:00:12]} 38. gxf7 {[%emt 0:03:03]} Nc5 {[%emt 0:00:58]} 39. Re7 {[%emt 0:00:08]} Nd3 {[%emt 0:00:17]} 40. Kf1 {[%emt 0:00:22]} Bd4 {[%emt 0:00:16]} 41. c5 {[%emt 0:40:27]} Bxc5 {[%emt 0:30:21]} 42. Re8 {[%emt 0:00:09]} Bd4 {[%emt 0:01:24]} 43. f3 {[%emt 0:01:19]} a5 {[%emt 0:00:00]} 44. Bc4 {[%emt 0:00:00]} Nb2 {[%emt 0:00:00]} 45. Bd5 {[%emt 0:00:00]} Na4 {[%emt 0:00:00]} 46. f4 {[%emt 0:00:00]} Nc3 {[%emt 0:00:00]} 47. Bc4 {[%emt 0:00:00]} e4 {[%emt 0:00:00]} 48. g4 {[%emt 0:00:00]} a4 {[%emt 0:00:00]} 49. g5 {[%emt 0:00:00]} Be3 {[%emt 0:00:00]} 50. g6 {[%emt 0:00:00]} Bxf4 {[%emt 0:00:00]} 51. Re6 {[%emt 0:00:00]} Bc1 {[%emt 0:00:00]} 52. Rc6 {[%emt 0:03:05]} a3 {[%emt 0:00:26]} 53. Ra6 {[%emt 0:00:48]} e3 {[%emt 0:00:42]} 54. Ke1 {[%emt 0:01:32]} Rc8 {[%emt 0:02:03]} 55. Re6 {[%emt 0:01:08]} Bd2+ {[%emt 0:00:51]} 56. Kf1 {[%emt 0:00:05]} Rxc4 {[%emt 0:00:22]} 57. Re8 {[%emt 0:00:03]} Rf4+ {[%emt 0:00:14]} 58. Kg2 {[%emt 0:00:01]} Kxg6 {[%emt 0:00:33]} 0-1

[Event "SVK-ch Open 2018"]
[Site "Banska Stiavnica"]
[Date "2018.07.09"]
[Round "3"]
[White "Kanakova, Natalie"]
[Black "Ihnat, Marek"]
[Result "1-0"]
[WhiteElo "2206"]
[BlackElo "1432"]
[Annotator "NA"]
[PlyCount "47"]
[EventDate "2018.07.07"]
[EventType "swiss"]
[EventCountry "SVK"]
[SourceTitle "playchess.com"]
[Source "ChessBase"]
[SourceQuality "1"]
[TimeControl "40/5400+30:1800+30"]

1. Nf3 {[%emt 0:00:00]} Nf6 {[%emt 0:00:00]} 2. c4 {[%emt 0:00:00]} c5 {[%emt 0:00:35]} 3. Nc3 {[%emt 0:01:33]} d5 {[%emt 0:00:16]} 4. cxd5 {[%emt 0:05:01]} Nxd5 {[%emt 0:00:09]} 5. g3 {[%emt 0:02:13]} g6 {[%emt 0:03:57]} 6. Qb3 {[%emt 0:05:32]} Nc7 {[%emt 0:04:28]} 7. Ng5 {[%emt 0:02:55]} e6 {[%emt 0:00:47]} 8. d3 {[%emt 0:02:22]} Bg7 {[%emt 0:02:58]} 9. Bg2 {[%emt 0:03:18]} Nc6 {[%emt 0:02:44] [#]} 10. Nge4 {[%emt 0:03:45]} (10. Bxc6+ $1 $16 bxc6 11. Nge4) 10... Nd4 {[%emt 0:12:25]} 11. Qd1 {[%emt 0:00:06]} Na6 {[%emt 0:14:12]} 12. O-O {[%emt 0:05:42]} Qc7 {[%emt 0:12:31]} 13. e3 {[%emt 0:05:37]} Nf5 {[%emt 0:00:31]} 14. g4 {[%emt 0:04:56]} Nd6 $11 {[%emt 0:04:15]} (14... Nh4 $15) 15. Qf3 {[%emt 0:01:02]} Nxe4 {[%emt 0:05:25]} 16. Nxe4 {[%emt 0:01:29]} Nb4 {[%emt 0:02:03]} 17. d4 {[%emt 0:08:50]} cxd4 {[%emt 0:02:31]} 18. exd4 {[%emt 0:00:20]} Nc2 {[%emt 0:14:41]} 19. Bf4 {[%emt 0:17:20]} Qb6 {[%emt 0:02:09]} 20. Nd6+ {[%emt 0:01:35]} Ke7 {[%emt 0:02:03]} 21. Rac1 {[%emt 0:05:27]} Qxb2 {[%emt 0:05:47]} 22. Qd3 {[%emt 0:02:40]} Qxd4 {[%emt 0:02:13]} 23. Qxc2 {[%emt 0:00:36]} Qxf4 {[%emt 0:00:32]} 24. Qc7+ {[%emt 0:00:06]} 1-0

[Event "SVK-ch Open 2018"]
[Site "Banska Stiavnica"]
[Date "2018.07.09"]
[Round "3"]
[White "Bombek, Peter"]
[Black "Aczel, Gergely"]
[Result "0-1"]
[WhiteElo "2201"]
[BlackElo "2543"]
[Annotator "TA"]
[PlyCount "106"]
[EventDate "2018.07.07"]
[EventType "swiss"]
[EventCountry "SVK"]
[SourceTitle "playchess.com"]
[Source "ChessBase"]
[SourceQuality "1"]

{[%evp 20,106,11,18,19,22,21,10,13,0,2,12,24,0,0,0,6,0,0,0,24,14,42,12,15,16,37,38,37,34,24,25,33,38,34,6,39,0,0,0,0,-8,1,-17,0,-5,0,-3,0,0,0,0,0,0,0,0,0,-28,0,-8,-6,-22,-16,-31,0,0,0,-16,-16,-77,-37,-59,-7,-122,-120,-222,-222,-264,-264,-579,-570,-622,-622,-29960,-29963,-12838,-6448,-6053,-5623]} 1. e4 c5 2. c3 d5 3. exd5 Qxd5 4. d4 e6 5. Nf3 Nf6 6. Na3 Nc6 7. Bc4 {B22: Sizilianisch (Alapin 2.c3)} (7. Be3 cxd4 8. Nb5 Qd8 9. Nbxd4 Nd5 10. Nxc6 bxc6 11. Bd2 Qb6 12. Ne5 Qc7 13. Nc4 Be7 14. Bd3 Ba6 15. Qg4 {½-½ (55) Wang,H (2717)-Laznicka,V (2666) Ho Chi Minh City 2016}) 7... Qd8 8. O-O cxd4 9. Nb5 a6 10. Nbxd4 Nxd4 11. Qxd4 {LiveBook: 3 Partien} Qxd4 12. Nxd4 Bd6 13. Rd1 Bc7 14. Bd3 $146 ({Vorgänger:} 14. Bg5 h6 15. Bxf6 gxf6 16. Bd3 f5 17. Re1 Kf8 {1-0 (46) Saint Amand,P (2214)-Mikanovic,G (2308) Montreal 2000}) 14... h6 15. h3 Bd7 16. Bd2 O-O-O 17. Bc2 Nd5 18. c4 Nf4 19. Kf1 Rhg8 20. Bc3 f6 21. Ne2 Nxe2 22. Kxe2 e5 23. Bh7 Rh8 24. Bg6 Be6 25. b3 Bb6 26. Rac1 Bc5 27. f3 (27. a4 {with more complications.} Kc7 28. h4 Ba3 29. Ra1 Rxd1 30. Rxd1 h5 31. Be4) 27... Kc7 28. Rc2 (28. a4 {keeps more tension.} h5 29. h4 Rh6 30. Be4 Rhh8 31. Rxd8 Rxd8 32. Bg6) 28... Rxd1 29. Kxd1 b6 30. b4 Be7 31. Kd2 Rd8+ 32. Ke3 Rd1 33. Bd3 Rb1 34. Rf2 Rc1 35. Kd2 Rg1 36. a3 g5 37. Re2 h5 {[%cal Bh6h5,Bh5g4][%mdl 32]} 38. Ke3 Rc1 39. Bb2 Rd1 40. Rd2 Rh1 41. Rc2 g4 42. hxg4 hxg4 43. c5 bxc5 {[%cal Bb6c5,Bc5b4][%mdl 32] Und ...gxf3 würde nun gewinnen.} 44. Bxa6 (44. f4 $11) 44... Kb6 45. Be2 Bf5 (45... Rb1 $15 46. bxc5+ Bxc5+ 47. Ke4 gxf3 48. Bxf3 Re1+ 49. Re2 Rh1) 46. Rc4 {[#]} (46. Bd3 $11 {hält das Gleichgewicht.} Re1+ 47. Re2 Rxe2+ 48. Kxe2) 46... Rb1 $1 $17 {[%cal Rb1b2]} 47. fxg4 (47. Bc1 $17 {ist wohl besser.}) 47... Be6 $19 ({Minderwertig wäre} 47... Rxb2 48. gxf5 cxb4 49. axb4 $11) 48. Rc2 cxb4 49. Bf3 $2 (49. axb4 {ist zäher.} Bb3 50. Kd3) 49... Bc5+ 50. Kd3 {Droht axb4 und aus.} bxa3 51. Rxc5 axb2 (51... Kxc5 $2 52. Bxa3+ Kb5 53. Kc2 $19) 52. Rc6+ Kb5 {( -> ...Ta1)} 53. Rc7 {[#]} Rd1+ $1 {[%mdl 512] Precision: Weiß = 31%, Schwarz = 60%.} 0-1

[Event "SVK-ch Open 2018"]
[Site "Banska Stiavnica"]
[Date "2018.07.09"]
[Round "3"]
[White "Kostolansky, Sebastian Lukas"]
[Black "Bokros, Albert"]
[Result "0-1"]
[WhiteElo "2197"]
[BlackElo "2483"]
[Annotator "ChessBase"]
[PlyCount "78"]
[EventDate "2018.07.07"]
[EventType "swiss"]
[EventCountry "SVK"]
[SourceTitle "playchess.com"]
[Source "ChessBase"]
[SourceQuality "1"]
[TimeControl "40/5400+30:1800+30"]

1. e4 {[%emt 0:00:00]} c5 {[%emt 0:02:06]} 2. Nf3 {[%emt 0:00:00]} e6 {[%emt 0:00:20]} 3. d4 {[%emt 0:00:00]} cxd4 {[%emt 0:00:06]} 4. Nxd4 {[%emt 0:00:00]} a6 {[%emt 0:00:43]} 5. Nc3 {[%emt 0:00:39]} Qc7 {[%emt 0:00:26]} 6. Be3 {[%emt 0:01:16]} Nf6 {[%emt 0:02:51]} 7. f3 {[%emt 0:07:54]} Bb4 {[%emt 0:04:24]} 8. Bd3 {[%emt 0:10:22]} d5 {[%emt 0:06:04]} 9. Bd2 {[%emt 0:08:32]} O-O {[%emt 0:11:38]} 10. Qe2 {[%emt 0:02:58]} Nc6 {[%emt 0:05:11]} 11. Nxc6 {[%emt 0:06:11]} bxc6 {[%emt 0:00:45]} 12. O-O {[%emt 0:04:05]} Bd6 {[%emt 0:07:37]} 13. f4 {[%emt 0:09:19]} e5 {[%emt 0:02:07]} 14. f5 {[%emt 0:05:31]} Re8 {[%emt 0:05:45]} 15. Kh1 {[%emt 0:05:38]} Bb7 {[%emt 0:03:18]} 16. Rae1 {[%emt 0:00:55]} a5 {[%emt 0:10:22]} 17. Qf3 {[%emt 0:10:49]} Bb4 {[%emt 0:07:20]} 18. a3 {[%emt 0:04:48]} Bxc3 {[%emt 0:01:09]} 19. Bxc3 {[%emt 0:00:22]} d4 {[%emt 0:02:14]} 20. Bd2 {[%emt 0:00:06]} c5 {[%emt 0:00:12]} 21. b3 {[%emt 0:08:36]} a4 {[%emt 0:01:12]} 22. Ra1 {[%emt 0:01:59]} Qc6 {[%emt 0:04:26]} 23. Rfe1 {[%emt 0:03:49]} Ba6 {[%emt 0:01:59]} 24. Bg5 {[%emt 0:01:42]} Nd7 {[%emt 0:04:51]} 25. h4 {[%emt 0:04:41]} Reb8 {[%emt 0:01:28]} 26. Reb1 {[%emt 0:01:20]} h6 {[%emt 0:02:53]} 27. Bd2 {[%emt 0:00:28]} Nf6 {[%emt 0:03:08]} 28. Bxa6 {[%emt 0:01:05]} Rxa6 {[%emt 0:01:41]} 29. bxa4 {[%emt 0:00:24]} Rxb1+ {[%emt 0:03:12]} 30. Rxb1 {[%emt 0:00:05]} Qxa4 {[%emt 0:00:59]} 31. Rb8+ {[%emt 0:00:42]} Kh7 {[%emt 0:00:05]} 32. Qb3 {[%emt 0:01:11]} Qxb3 {[%emt 0:00:35]} 33. Rxb3 {[%emt 0:00:18]} Nxe4 {[%emt 0:00:16]} 34. Bc1 {[%emt 0:00:13]} c4 {[%emt 0:01:27]} 35. Rb7 {[%emt 0:00:19]} f6 {[%emt 0:00:41]} 36. Rb4 {[%emt 0:00:38]} Ng3+ {[%emt 0:02:04]} 37. Kh2 {[%emt 0:00:09]} Ne2 {[%emt 0:00:05]} 38. Bd2 {[%emt 0:01:20]} c3 {[%emt 0:00:07]} 39. Be1 {[%emt 0:00:14]} Rxa3 {[%emt 0:00:08]} 0-1

[Event "SVK-ch Open 2018"]
[Site "Banska Stiavnica"]
[Date "2018.07.09"]
[Round "3"]
[White "Jozefek, Michal"]
[Black "Bakalar, Jan"]
[Result "1-0"]
[WhiteElo "2182"]
[BlackElo "1998"]
[Annotator "NA"]
[PlyCount "79"]
[EventDate "2018.07.07"]
[EventType "swiss"]
[EventCountry "SVK"]
[SourceTitle "playchess.com"]
[Source "ChessBase"]
[SourceQuality "1"]
[TimeControl "40/5400+30:1800+30"]

1. d4 {[%emt 0:00:01]} Nf6 {[%emt 0:00:00]} 2. c4 {[%emt 0:00:09]} e6 {[%emt 0:00:17]} 3. Nc3 {[%emt 0:00:09]} Bb4 {[%emt 0:00:18]} 4. Qc2 {[%emt 0:00:09]} b6 {[%emt 0:00:24]} 5. Bg5 {[%emt 0:01:05]} Bb7 {[%emt 0:02:15]} 6. f3 {[%emt 0:00:15]} c5 {[%emt 0:05:40]} 7. a3 {[%emt 0:08:11]} Bxc3+ {[%emt 0:01:15]} 8. bxc3 {[%emt 0:00:37]} d6 {[%emt 0:03:01]} 9. e4 {[%emt 0:02:04]} Nbd7 {[%emt 0:03:09]} 10. Nh3 {[%emt 0:04:28]} Qc7 {[%emt 0:05:53]} 11. Nf2 {[%emt 0:03:06]} h6 {[%emt 0:12:40]} 12. Be3 {[%emt 0:00:50]} e5 {[%emt 0:05:22]} 13. d5 $14 {[%emt 0:01:16]} O-O-O {[%emt 0:06:32]} 14. a4 {[%emt 0:02:08]} a5 {[%emt 0:01:29]} 15. g3 {[%emt 0:00:23]} Ba6 {[%emt 0:01:10]} 16. h4 {[%emt 0:05:49]} Kb7 {[%emt 0:02:43]} 17. Bd3 {[%emt 0:04:05]} Rdg8 {[%emt 0:02:09]} 18. Kd2 {[%emt 0:00:32]} g6 {[%emt 0:04:45]} 19. Rag1 {[%emt 0:03:19]} Ne8 {[%emt 0:01:49]} 20. Kc1 {[%emt 0:05:19]} f6 {[%emt 0:01:01]} 21. Kb2 {[%emt 0:07:39]} Ka7 {[%emt 0:03:51]} 22. f4 {[%emt 0:06:48]} Ng7 {[%emt 0:01:50]} 23. Rg2 {[%emt 0:01:28]} Nf8 {[%emt 0:03:52]} 24. fxe5 {[%emt 0:02:12]} dxe5 {[%emt 0:01:39]} 25. Ng4 {[%emt 0:01:12]} Ne8 {[%emt 0:00:37]} 26. Nxh6 {[%emt 0:00:39]} Rg7 {[%emt 0:03:42]} 27. g4 {[%emt 0:00:31]} Nd6 {[%emt 0:00:42]} 28. Kb3 {[%emt 0:02:41]} f5 {[%emt 0:03:29]} 29. gxf5 {[%emt 0:00:34]} gxf5 {[%emt 0:00:16]} 30. Nxf5 {[%emt 0:00:11]} Nxf5 {[%emt 0:02:02]} 31. exf5 {[%emt 0:00:05]} Rf7 {[%emt 0:02:23]} 32. Bg5 {[%emt 0:03:42]} Nh7 {[%emt 0:02:37]} 33. Rhg1 {[%emt 0:01:36]} Bc8 {[%emt 0:01:05]} 34. Rf1 {[%emt 0:04:19]} Nf6 {[%emt 0:00:45]} 35. Bxf6 {[%emt 0:00:32]} Rxf6 {[%emt 0:00:06]} 36. Rg6 {[%emt 0:00:05]} Rf7 {[%emt 0:02:00]} 37. Qh2 {[%emt 0:01:42]} Qe7 {[%emt 0:00:53]} 38. f6 {[%emt 0:01:23]} Qe8 {[%emt 0:01:07]} 39. Rg7 {[%emt 0:00:10]} Rhf8 {[%emt 0:00:52]} 40. Bg6 {[%emt 0:00:18]} 1-0

[Event "SVK-ch Open 2018"]
[Site "Banska Stiavnica"]
[Date "2018.07.09"]
[Round "3"]
[White "Macko, Michal"]
[Black "Chrenko, Kristian"]
[Result "1-0"]
[WhiteElo "2158"]
[BlackElo "1992"]
[Annotator "NA"]
[PlyCount "81"]
[EventDate "2018.07.07"]
[EventType "swiss"]
[EventCountry "SVK"]
[SourceTitle "playchess.com"]
[Source "ChessBase"]
[SourceQuality "1"]
[TimeControl "40/5400+30:1800+30"]

1. e4 {[%emt 0:00:06]} c5 {[%emt 0:00:00]} 2. Nf3 {[%emt 0:00:03]} d6 {[%emt 0:00:04]} 3. d4 {[%emt 0:00:05]} cxd4 {[%emt 0:00:42]} 4. Nxd4 {[%emt 0:00:05]} Nf6 {[%emt 0:00:08]} 5. Nc3 {[%emt 0:00:03]} a6 {[%emt 0:00:28]} 6. h3 {[%emt 0:00:05]} e6 {[%emt 0:00:15]} 7. g4 {[%emt 0:00:06]} b5 {[%emt 0:00:50]} 8. Bg2 {[%emt 0:04:26]} Bb7 {[%emt 0:00:15]} 9. a3 {[%emt 0:01:27]} Nfd7 {[%emt 0:04:24]} 10. O-O {[%emt 0:02:44]} Be7 {[%emt 0:03:46]} 11. Qe2 {[%emt 0:03:26]} O-O {[%emt 0:04:04]} 12. f4 {[%emt 0:03:17]} Nc6 {[%emt 0:12:57]} 13. Nf3 {[%emt 0:04:53]} Nb6 {[%emt 0:11:43]} 14. Nd1 {[%emt 0:08:38]} d5 {[%emt 0:05:25]} 15. e5 {[%emt 0:02:10]} Re8 {[%emt 0:10:05]} 16. Nf2 {[%emt 0:04:42]} Qd7 {[%emt 0:06:20]} 17. Nd3 {[%emt 0:07:54]} b4 {[%emt 0:04:10]} 18. axb4 {[%emt 0:00:36]} Nxb4 {[%emt 0:00:11]} 19. Nxb4 {[%emt 0:01:19]} Bxb4 {[%emt 0:00:13]} 20. Be3 {[%emt 0:03:51]} Nc4 {[%emt 0:01:30]} 21. Bd4 {[%emt 0:00:05]} Qb5 {[%emt 0:03:11]} 22. Qf2 {[%emt 0:01:02]} Rac8 {[%emt 0:01:01]} 23. f5 {[%emt 0:01:12]} Bc5 24. b3 {[%emt 0:08:45]} Nb6 {[%emt 0:03:53]} 25. f6 {[%emt 0:01:28]} g6 {[%emt 0:05:38]} 26. Qe3 {[%emt 0:01:17]} Bxd4 {[%emt 0:02:24]} 27. Nxd4 {[%emt 0:01:32]} Qc5 {[%emt 0:00:06]} 28. Rf3 {[%emt 0:05:42]} Nd7 {[%emt 0:02:19]} 29. h4 {[%emt 0:02:32]} Kh8 {[%emt 0:02:08]} 30. c3 {[%emt 0:02:53]} Rc7 31. h5 {[%emt 0:05:09]} Rg8 {[%emt 0:06:26]} 32. hxg6 {[%emt 0:01:13]} Rxg6 {[%emt 0:00:12]} 33. g5 {[%emt 0:02:35]} Qf8 {[%emt 0:08:07]} 34. Rh3 {[%emt 0:00:53]} Qg8 {[%emt 0:00:11]} 35. Rh5 {[%emt 0:00:10]} h6 {[%emt 0:01:55]} 36. Kf2 {[%emt 0:00:10]} Qh7 {[%emt 0:02:06]} 37. Rah1 {[%emt 0:00:13]} Kg8 {[%emt 0:00:07]} 38. Rxh6 {[%emt 0:00:25]} Rxh6 {[%emt 0:00:04]} 39. Rxh6 {[%emt 0:00:08]} Qb1 {[%emt 0:01:15]} 40. Qh3 {[%emt 0:00:14]} Qb2+ {[%emt 0:00:24]} 41. Ne2 {[%emt 0:30:12]} 1-0

[Event "SVK-ch Open 2018"]
[Site "Banska Stiavnica"]
[Date "2018.07.09"]
[Round "3"]
[White "Cech, Dominik"]
[Black "Jablonicky, Martin"]
[Result "1/2-1/2"]
[WhiteElo "2151"]
[BlackElo "2356"]
[Annotator "NA"]
[PlyCount "68"]
[EventDate "2018.07.07"]
[EventType "swiss"]
[EventCountry "SVK"]
[SourceTitle "playchess.com"]
[Source "ChessBase"]
[SourceQuality "1"]
[TimeControl "40/5400+30:1800+30"]

1. e4 {[%emt 0:00:00]} c5 {[%emt 0:00:00]} 2. Nf3 {[%emt 0:00:35]} Nc6 {[%emt 0:00:00]} 3. d4 {[%emt 0:01:06]} cxd4 {[%emt 0:00:00]} 4. Nxd4 {[%emt 0:00:06]} g6 {[%emt 0:00:13]} 5. c4 {[%emt 0:00:35]} Bg7 {[%emt 0:00:08]} 6. Be3 {[%emt 0:00:17]} Nf6 {[%emt 0:00:08]} 7. Nc3 {[%emt 0:00:13]} d6 {[%emt 0:00:08]} 8. Be2 {[%emt 0:00:31]} O-O {[%emt 0:00:06]} 9. O-O {[%emt 0:03:05]} Nxd4 {[%emt 0:00:19]} 10. Bxd4 {[%emt 0:00:34]} a5 {[%emt 0:00:06]} 11. Qd2 {[%emt 0:04:04]} Bd7 {[%emt 0:00:13]} 12. f3 {[%emt 0:03:13]} Bc6 {[%emt 0:00:10]} 13. Rac1 {[%emt 0:01:00]} Nd7 {[%emt 0:00:26]} 14. Be3 {[%emt 0:00:53]} Nc5 {[%emt 0:01:42]} 15. b3 {[%emt 0:04:35]} e6 {[%emt 0:02:00]} 16. Rfd1 {[%emt 0:02:41]} Be5 {[%emt 0:00:06]} 17. Bf1 {[%emt 0:06:34] LiveBook: 4 Games} Qh4 {[%emt 0:01:57]} 18. g3 {[%emt 0:01:46]} Qe7 {[%emt 0:00:05]} 19. Qc2 {[%emt 0:12:11]} f5 {[%emt 0:08:07]} 20. Bg2 $11 {[%emt 0:10:48]} fxe4 {[%emt 0:02:35]} 21. Nxe4 {[%emt 0:06:29]} Nxe4 {[%emt 0:00:38]} 22. fxe4 {[%emt 0:00:09]} Rfc8 {[%emt 0:17:49]} 23. Qe2 {[%emt 0:05:26]} Be8 {[%emt 0:09:14]} 24. Rf1 {[%emt 0:12:24]} Qg7 {[%emt 0:06:35]} 25. Qd2 {[%emt 0:04:26]} Bc6 {[%emt 0:01:15]} 26. Bh6 {[%emt 0:01:46]} Qe7 {[%emt 0:02:24]} 27. a4 {[%emt 0:02:41]} Bg7 {[%emt 0:10:49]} 28. Bg5 {[%emt 0:00:46]} Qc7 {[%emt 0:00:44]} 29. Qd3 {[%emt 0:08:04]} Rf8 {[%emt 0:03:01]} 30. Bh3 {[%emt 0:00:20]} Rxf1+ {[%emt 0:05:37]} 31. Rxf1 {[%emt 0:00:18]} Re8 {[%emt 0:01:35]} 32. Bf4 {[%emt 0:03:27]} Qb6+ {[%emt 0:05:40]} 33. Be3 {[%emt 0:01:01]} Qc7 {[%emt 0:00:10]} 34. Bf4 {[%emt 0:00:05]} Qb6+ {[%emt 0:00:24]} 1/2-1/2

[Event "SVK-ch Open 2018"]
[Site "Banska Stiavnica"]
[Date "2018.07.09"]
[Round "3"]
[White "Demeter, Peter"]
[Black "Vojtek, Vladimir"]
[Result "1/2-1/2"]
[WhiteElo "2146"]
[BlackElo "2310"]
[Annotator "NA"]
[PlyCount "84"]
[EventDate "2018.07.07"]
[EventType "swiss"]
[EventCountry "SVK"]
[SourceTitle "playchess.com"]
[Source "ChessBase"]
[SourceQuality "1"]
[TimeControl "40/5400+30:1800+30"]

1. c4 {[%emt 0:00:00]} b6 {[%emt 0:32:45]} 2. Nc3 {[%emt 0:00:00]} Bb7 {[%emt 0:00:16]} 3. e4 {[%emt 0:00:55]} e6 {[%emt 0:00:09]} 4. Nf3 {[%emt 0:00:49]} Bb4 {[%emt 0:00:55]} 5. Bd3 {[%emt 0:02:03] LiveBook: 178 Games} Ne7 {[%emt 0:00:06]} 6. a3 {[%emt 0:02:23]} Bxc3 $1 {[%emt 0:00:15]} 7. dxc3 {[%emt 0:00:06]} d6 {[%emt 0:00:59]} 8. O-O {[%emt 0:01:03]} Nd7 {[%emt 0:00:30]} 9. Re1 {[%emt 0:03:24]} O-O {[%emt 0:00:40]} 10. Bc2 {[%emt 0:02:31]} Ng6 {[%emt 0:02:21]} 11. Bg5 $11 {[%emt 0:04:41]} f6 {[%emt 0:02:02]} 12. Bc1 {[%emt 0:03:48]} Qe7 {[%emt 0:05:42]} 13. Nd4 {[%emt 0:05:06]} Qf7 {[%emt 0:14:22]} 14. Qh5 {[%emt 0:09:06]} Rae8 {[%emt 0:03:23]} 15. Be3 {[%emt 0:05:12]} a6 {[%emt 0:03:13]} 16. Rad1 {[%emt 0:07:01]} e5 {[%emt 0:06:54]} 17. Nf5 {[%emt 0:00:23]} Ne7 {[%emt 0:03:35]} 18. Qxf7+ {[%emt 0:04:27]} Rxf7 {[%emt 0:03:16]} 19. Ng3 {[%emt 0:00:31]} g6 {[%emt 0:06:39]} 20. c5 {[%emt 0:04:28]} Nxc5 {[%emt 0:02:34]} 21. Bxc5 {[%emt 0:00:36]} bxc5 {[%emt 0:00:48]} 22. Bb3 {[%emt 0:00:13]} Kg7 {[%emt 0:03:34]} 23. Bxf7 {[%emt 0:00:24]} Kxf7 {[%emt 0:00:02]} 24. b4 {[%emt 0:01:59]} cxb4 {[%emt 0:00:49]} 25. axb4 {[%emt 0:01:18]} f5 {[%emt 0:00:32]} 26. f3 {[%emt 0:02:49]} Ke6 {[%emt 0:01:08]} 27. exf5+ {[%emt 0:13:34]} gxf5 {[%emt 0:00:31]} 28. Rb1 {[%emt 0:03:31]} Rg8 {[%emt 0:01:16]} 29. b5 {[%emt 0:02:18]} axb5 {[%emt 0:00:48]} 30. Rxb5 {[%emt 0:00:24]} Bc6 {[%emt 0:00:07]} 31. Rb4 {[%emt 0:01:18]} Nd5 {[%emt 0:02:03]} 32. Rh4 {[%emt 0:00:13]} f4 {[%emt 0:01:06]} 33. Ne4 {[%emt 0:06:28]} Ne3 {[%emt 0:01:22]} 34. Rh6+ {[%emt 0:01:45]} Rg6 {[%emt 0:00:18]} 35. Rxg6+ {[%emt 0:00:37]} hxg6 {[%emt 0:00:00]} 36. Nd2 {[%emt 0:05:19]} g5 {[%emt 0:00:39]} 37. h3 {[%emt 0:00:32]} d5 {[%emt 0:00:56]} 38. Kf2 {[%emt 0:01:06]} Kd6 {[%emt 0:00:53]} 39. Rh1 {[%emt 0:03:57]} Bb5 {[%emt 0:00:31]} 40. Rb1 {[%emt 0:00:35]} c6 {[%emt 0:00:58]} 41. Ra1 {[%emt 0:32:48]} Ke6 {[%emt 0:05:37]} 42. g4 {[%emt 0:00:00]} Bd3 {[%emt 0:04:03]} 1/2-1/2